| 000 | 01144nam a2200241Ii 4500 | ||
|---|---|---|---|
| 003 | JO-AjNU | ||
| 005 | 20240629103700.0 | ||
| 008 | 230605s9999||||xx |||||||||||||| ||und|| | ||
| 040 |
_aJO-AjNU _bara _erda _cJO-AjNU |
||
| 041 | _aara | ||
| 050 | 1 | 4 | _aJX178.2020 |
| 100 | 1 |
_aبني يونس، بسام حسين بركات _eمعد _965765 |
|
| 245 | 0 | 0 |
_aحجية الاتفاقيات الدولية في ظل التشريع الاردني = Authentic international treaties in jordanian legislation / _cاعداد بسام حسن بركات بني يونس ؛ إشراف عبد الحكيم محسن عطروش |
| 260 | _c2020 | ||
| 300 | _a133 ورقة | ||
| 336 |
_atext _btxt _2rdacontent |
||
| 337 |
_aunmediated _bn _2rdamedia |
||
| 338 |
_avolume _bnc _2rdacarrier |
||
| 500 | _aرسالة جامعية ( رسالة ماجستير في القانون ) - جامعة عجلون الوطنية ( عجلون، الاردن)، كلية الحقوق، 2020. | ||
| 650 | 4 |
_aاتفاقيات دولية - التشريعات - الاردن _959850 |
|
| 700 | 1 |
_aعطروش، عبد الحكيم محسن _947372 _eمشرف |
|
| 942 |
_2lcc _cTHS |
||
| 999 |
_c30521 _d30521 |
||